| 000 | 01024nam a2200289 a 4500 | ||
|---|---|---|---|
| 001 | 67743 | ||
| 003 | BD-RjUL | ||
| 005 | 20211209081705.0 | ||
| 008 | 170328s2001 njua b 001 0 eng d | ||
| 020 | _a0130219827 | ||
| 035 | _a(BD-RjUL)67952 | ||
| 040 |
_aDLC _cDLC _dDLC _d(BD-RjUL) _beng |
||
| 041 | _aeng | ||
| 082 | 0 | 0 |
_223 _a150.72 _bSMP 2001 |
| 100 | 1 |
_aSmith, Randolph A., _9200841 |
|
| 245 | 1 | 4 |
_aThe Psychologist as Detective : _bAn introduction to conducting research in psychology / _cRandolph A. Smith, Stephen F. Davis. |
| 250 | _a2nd ed. | ||
| 260 |
_aUpper Saddle River, N.J. : _bPrentice Hall, _cc2001. |
||
| 300 |
_axvii, 443 p. : _bill. ; _c24 cm. |
||
| 504 | _aIncludes bibliographical references (p. 425-432) and index. | ||
| 650 | 0 |
_aPsychology _xResearch _vTextbooks. _9200842 |
|
| 650 | 0 |
_aPsychology _xResearch _xMethodology _vTextbooks. _9200843 |
|
| 650 | 0 |
_aPsychology, Experimental _vTextbooks. _9200844 |
|
| 700 | 1 |
_aDavis, Stephen F. _9200845 |
|
| 942 |
_2ddc _cBK |
||
| 999 |
_c67743 _d67743 |
||